| 000 | 01333nam a2200289 i 4500 | ||
|---|---|---|---|
| 003 | DO-SdBNP | ||
| 005 | 20230601105935.0 | ||
| 006 | a||||fr|||| 00| 0 | ||
| 007 | ta | ||
| 008 | 230512t2022 dr ad||fr|||| 001 e spa d | ||
| 020 | _a9789945629231 (impreso) | ||
| 020 | _a9789945629248 (en línea) | ||
| 040 |
_aDO-SdBNP _bspa _cBNPHU _erda |
||
| 082 | 4 |
_222 _bD583i |
|
| 245 | 0 | 0 |
_aDinámica inflacionaria y política monetaria en la República Dominicana. / _cprólogo, Joel González Pantaleón |
| 264 | 3 | 0 |
_aSanto Domingo : _bBanco Central de la República Dominicana, _c2022 |
| 300 |
_a401 páginas : _bilustraciones, gráficas ; _c23 cm. |
||
| 336 |
_2rdaconten _atexto _btext |
||
| 337 |
_2rdamedia _asin medición _bn |
||
| 338 |
_2rdacarrier _avolumen _bnc |
||
| 500 | _aIncluye bibliografía y notas al pie de páginas | ||
| 505 |
_aPrólogo. _tParte I - El fenómeno de la inflación en la República Domincana.-- _tParte II - Proyección de la inflación e incertidumbre.-- _tParte III - Política monetaria e inflación.-- |
||
| 590 | _aInventariado 2023 / MF | ||
| 700 | 1 |
_aGonzález Pantaleón, Joel _eprólogo _983369 |
|
| 710 | 2 |
_954801 _aBanco Central de la República Dominicana. _bSubdirección de Estudios Económicos. _bDepartamento de Programación Monetaria y Estudios Económicos, _eeditores |
|
| 942 |
_2ddc _cLBS1 |
||
| 999 |
_c53499 _d53499 |
||